| 000 | 00549nam a2200181Ia 4500 | ||
|---|---|---|---|
| 003 | OSt | ||
| 005 | 20200805103501.0 | ||
| 008 | 190216s9999||||xx |||||||||||||| ||und|| | ||
| 020 | _a8122405975 | ||
| 040 | _coclc | ||
| 082 |
_a518 _bJAI/N |
||
| 100 |
_aJain, M K _93888 |
||
| 245 | 0 |
_aNumerical Methods Problems and Solutions / _cM K Jain ; S R K Iyengar ; R K Jain |
|
| 260 |
_bNew Age International Publishers, _aNew Delhi: _c2002. |
||
| 300 | _a471p | ||
| 650 | _aMathematics | ||
| 942 |
_cBK _2ddc _h518 _iJAI/N _k518 _mJAI/N |
||
| 999 |
_c31706 _d31706 |
||